|
|
|
|
| LEADER |
00000nbm0a2200000 4500 |
| 001 |
170953 |
| 005 |
20231031163849.0 |
| 029 |
0 |
0 |
|a SU
|b 74008727
|f ТПУ
|
| 035 |
|
|
|a (RuTPU)RU\TPU\book\185395
|
| 090 |
|
|
|a 170953
|
| 100 |
|
|
|a 20091130d1973 k y0rusy50 ca
|
| 101 |
0 |
|
|a rus
|
| 102 |
|
|
|a RU
|
| 105 |
|
|
|a a p 001zy
|
| 200 |
1 |
|
|a Пусковой орган блокировки релейной защиты при качаниях на основе ферромагнитного преобразователя тока и частоты (ФПТЧ)
|e Отчет о НИР
|e Тема: № 93/72
|f Томский политехнический институт (ТПИ) ; руководитель Н. В. Лисецкий
|
| 210 |
|
|
|a Томск
|d 1973
|
| 215 |
|
|
|a 75 л.
|
| 320 |
|
|
|a Библиогр.: с. 64-67.
|
| 610 |
1 |
|
|a отчеты о НИР
|
| 610 |
1 |
|
|a ферромагнитные преобразователи
|
| 610 |
1 |
|
|a преобразователи тока
|
| 610 |
1 |
|
|a релейная защита
|
| 610 |
1 |
|
|a блокировки
|
| 610 |
1 |
|
|a качания
|
| 610 |
1 |
|
|a пусковые органы
|
| 675 |
|
|
|a 621.316.925(04)
|v 3
|
| 702 |
|
1 |
|a Лисецкий
|b Н. В.
|4 673
|
| 712 |
0 |
2 |
|a Томский политехнический институт (ТПИ)
|c (1944-1991)
|2 stltpush
|3 (RuTPU)RU\TPU\col\1123
|4 595
|
| 801 |
|
1 |
|a RU
|b 63413507
|c 20091130
|
| 942 |
|
|
|c BK
|